000 00355nam a2200133Ia 4500
008 220204s9999 xx 000 0 und d
082 _a631.3:621
_bSHI
100 _aSHINN, Glen C
245 0 _aWorking in agricultural mechanics
260 _aNew York
_bMcGraw Hill
_c1978
650 _aAgricultural machinery
700 _aWESTON, Curtis R
942 _cBK
999 _c29903
_d29903